| 000 | 00816nam a2200265 4500 | ||
|---|---|---|---|
| 003 | OSt | ||
| 005 | 20260601193851.0 | ||
| 008 | 260507b1969 mau||||| |||| 00| 0 eng d | ||
| 040 |
_aICI _bspa _cICI |
||
| 041 | _aing | ||
| 050 |
_aTA455 D54 1969 _bD54 1969 |
||
| 100 | 1 |
_aDietz, Albert G. H., _dautor. _932339 |
|
| 245 | 1 |
_aPlastics for Architects and Builders _cAlbert G. H. Dietz. |
|
| 264 | 1 |
_aCambridge, Mass. : _bMIT Press _c1969. |
|
| 300 |
_a130 páginas : _bilustraciones |
||
| 336 |
_atexto _2rdacontent |
||
| 337 |
_asin medio _2rdamedia |
||
| 338 |
_avolumen _2rdacarrier |
||
| 650 | _aPlásticos en la construcción. | ||
| 650 |
_aArquitectura _xMateriales. _932341 |
||
| 650 | _aMateriales de construcción. | ||
| 650 | _aConstrucción | ||
| 650 | _aTecnología de materiales. | ||
| 942 |
_2lcc _cB _n1 |
||
| 999 |
_c21862 _d21862 |
||